Представление документа в формате RUSMARC

ПолеНазваниеЗначение
  Тип записи a
  Библиографический уровень a
001 Контрольный номер RU/CBS_UL/BASE/714218741
005 Дата корректировки 20260211105001.5
100 Данные общей обработки __
a Данные общей обработки 20220819d2022 ||| 0rusy0189 ca
101 Язык документа 0_
a Язык текста rus
102 Страна публикации __
a Страна публикации RU
105 Кодированные данные (монография) __
a Кодированные данные (монография) y###||||000|y
181 Поле кодированных данных: вид содержания _1
a Код вида содержания (ISBD) i#
b Код характеристики содержания (ISBD) #xxe##
d i
g x
h x
i e
182 Поле кодированных данных: тип средства _1
a Код типа средства (ISBD) n
2 Код системы (источник кода, отличный от ISBD) isbdmedia
200 Заглавие и сведения об ответственности 1_
a Заглавие Бородино
b Общее обозначение материала Текст
e Сведения, относящиеся к заглавию стихотворение
f Первые сведения об ответственности М. Ю. Лермонтов
w Текст (визуальный) : непосредственный
203 Вид содержания и тип средства __
a Вид содержания Текст
b Характеристика содержания визуальный
c Тип средства непосредственный
461 Уровень набора _0
1 2000
a Славянка
463 Уровень физической единицы _0
1 001RU/CBS_UL/BASE/714131575
1 2000
a № 4
v С. 90-91 : ил.
1 210
d 2022
606 Тематические рубрики 0_
a Основная рубрика Русская литература, 19 в.
608 Указатель предметных рубрик __
a Жанр/форма стих
610 Ключевые слова 0_
a Ключевые слова стихи
610 Ключевые слова 0_
a Ключевые слова Бородино (х.л.)
610 Ключевые слова 0_
a Ключевые слова русская поэзия
610 Ключевые слова 0_
a Ключевые слова классика
610 Ключевые слова 0_
a Ключевые слова Бородинский бой
686 Индексы других классификаций __
a Классификационный индекс 84(2Рос=Рус)1
2 Код системы rubbk
700 Автор _1
a Фамилия Лермонтов
b Имя (инициалы) М. Ю.
g Полное личное имя Михаил Юрьевич
801 Источник записи _0
a Страна RU
b Организация МБУК ЦБС г. Ульяновска
c Дата составления 20220819
g Правила каталогизации RCR
801 Источник записи _1
a Страна RU
b Организация МБУК ЦБС г. Ульяновска
c Дата составления 20220819
g Правила каталогизации RCR
901 Тип документа __
t Тип документа b
w Контрольный № источника RU/CBS_UL/BASE/714131575
910 Корректоры записи __
a Корректор записи Библиотека 15
938 Служебная информация __
a Имя БД period